000 00492nam a2200181Ia 4500
001 14388
003 IN-NITTTR
005 20251114233135.0
008 251113s9999||||xx |||||||||||||| ||eng||
040 _beng
040 _cIN-NITTTR
041 _aeng
082 _a155.2 H643P
100 _aHjelle, Larry A.
245 0 _aPersonality theories :
_b basic assumptions, research and applications /
_cHjelle, Larry A., Ziegler, Danial J.
700 _a Ziegler, Danial J.
942 _2ddc
_cBK
999 _c17024
_d17024